Political thought / (Record no. 143377)

MARC details
000 -LEADER
fixed length control field 00512nam a22001817a 4500
005 - DATE AND TIME OF LATEST TRANSACTION
control field 20230320161355.0
010 ## - LCCN (DPL NO)
LC control number ENG-119808
020 ## - INTERNATIONAL STANDARD BOOK NUMBER
Terms of availability 85.00
035 ## - SYSTEM CONTROL NUMBER
System control number EN-103340
037 ## - SOURCE OF ACQUISITION
Source of stock number/acquisition DBAD/PUB
082 ## - DEWEY DECIMAL CLASSIFICATION NUMBER
Classification number 320.50954
100 ## - MAIN ENTRY--PERSONAL NAME
Personal name Naidu,Damodar
245 ## - TITLE STATEMENT
Title Political thought /
Statement of responsibility, etc by Damoder Nidu
260 ## - PUBLICATION, DISTRIBUTION, ETC. (IMPRINT)
Place of publication, distribution, etc Hydrabad
Name of publisher, distributor, etc Lorven Publications
Date of publication, distribution, etc 2012
270 ## - ADDRESS
Address # 3-5-1108,Maruti Complex,Narayanguda
City Hydrabad
Postal code 2012
300 ## - PHYSICAL DESCRIPTION
Extent 159p.
Dimensions 20cm(pbk)
942 ## - ADDED ENTRY ELEMENTS (KOHA)
Source of classification or shelving scheme Dewey Decimal Classification
Item type English Books
Call number suffix NAI
Classification part 320.50954
Holdings
Withdrawn status Lost status Not for loan Collection code Home library Current library Date acquired Source of acquisition Cost, normal purchase price Full call number Barcode Copy number Cost, replacement price Koha item type
      Non-fiction Katevara Katevara 14/08/2017 DBAD/PUB 85.00 320.50954 NAI EN-103340 1 85.00 English Books

© Delhi Public Library
Hit Counter
free hit counter